Barney Stinson Playbook Plays: Real or Not? Quiz Stats

 Plays Quiz not verified by Sporcle

Also try: NewsRadio Cast
Challenge
Share
Tweet
Embed
Score 0/23 Timer 06:00
0 Plays Today
% Correct
The He's Not Coming
88.8%
The My Penis Grants Wishes
87.2%
The Ted Mosby
86%
The Lorenzo Von Matterhorn
84.6%
The Scuba Diver
84.5%
The Don't Drink That
84%
The Weekend at Barney's
83.2%
The Mrs. Stinsfire
81.8%
The One Week to Live
80.5%
The Cheap Trick
79.4%
The Time Traveler
77.9%
The Robin
77.4%
% Correct
The SNASA
72.1%
The Mannequin
72%
The Royal Archduke of Grand Fenwick
69.2%
The Special Delivery
60%
The Call Barney Stinson
59.9%
The Jim Nacho
58.2%
The Two Can Play at That Game
55.4%
The Duffel Bag
52.5%
The Kidney
48.7%
The I Have a Pet Loch Ness Monster
45.7%
The Trojan Lesbian
42%

You're not logged in!

Compare scores with friends on all Sporcle quizzes.
OR
Log In

You Might Also Like...

Show Comments

Extras

Curator's Pick Aug 9, 2016SourceReportNominate
Tags:How I Met Your Mother Quiz

Top Quizzes Today


Score Distribution

Your Account Isn't Verified!

In order to create a playlist on Sporcle, you need to verify the email address you used during registration. Go to your Sporcle Settings to finish the process.

Report this User

Report this user for behavior that violates our Community Guidelines.

Details: